| 000 | 02427nam0a2200409 4500 | ||
|---|---|---|---|
| 001 | RU\NLR\bibl\1798888 | ||
| 005 | 20260405105934.0 | ||
| 010 |
_a978-5-317-03717-8 _9500 |
||
| 021 |
_aRU _b2011-52409 _93735 |
||
| 035 | _a(nilc)RSL-KNO-004972929 | ||
| 035 | _a(NLR Aleph) 001789563 | ||
| 090 |
_a1748687 _c1748687 |
||
| 100 | _a20110711d2010 |||y0rusy50 ca | ||
| 101 | 0 | _arus | |
| 102 | _aRU | ||
| 105 | _ay ||||||||| | ||
| 200 | 1 |
_aМодели формирования вариантов размещения скважин на залежах нефти и газа _dModels of well placement variants in oil and gas fields _eучебное пособие _eдля студентов высших учебных заведений, обучающихся по направлению подготовки магистров 130500 "Нефтегазовое дело" _fА. И. Ермолаев _zeng |
|
| 210 |
_aМосква _cМАКС Пресс _d2010 |
||
| 215 |
_a77, [2] с. _cил. _d22 |
||
| 300 | _aАвт. также на англ. яз.: A.I. Ermolaev | ||
| 300 | _aНа авантит.: К 80-летию РГУ нефти и газа им. И. М. Губкина | ||
| 300 | _aНа обл.: РГУ нефти и газа им. И. М. Губкина, Международный исследовательский университет | ||
| 320 | _aБиблиогр.: с. 77-78 (35 назв.) | ||
| 510 | 0 |
_6z11790 _aModels of well placement variants in oil and gas fields _zeng |
|
| 606 | 1 |
_aНефтяные скважины _jУчебные издания для высших учебных заведений _xРазмещение _92104995 _3RU\NLR\auth\661576319 |
|
| 606 | 1 |
_aГазовые скважины _jУчебные издания для высших учебных заведений _xРазмещение _92104997 _3RU\NLR\auth\661576320 |
|
| 686 |
_aИ36-117с116я73-1 _2rubbk |
||
| 686 | _aИ36-117я73-1 | ||
| 700 | 1 |
_4070 _7ca _8rus _aЕрмолаев _bА. И. _cд-р техн. наук _f1949- _gАлександр Иосифович _3RU\NLR\AUTH\7741186 _924136 |
|
| 790 | 1 |
_6z11510 _aErmolaev _bA. I. _gAleksandr Iosifovič _4070 |
|
| 801 | 0 |
_aRU _bRuMoRKP _c20110711 _grcr |
|
| 801 | 1 |
_aRU _bРГБ _c20110711 |
|
| 801 | 2 |
_aRU _bNLR _c20110816 _grcr |
|
| 942 | _cBOOK | ||
| 980 | _aNB | ||